Normal view
MARC view
Entry Personal Name
001 - CONTROL NUMBER
- control field: 11034
003 - CONTROL NUMBER IDENTIFIER
- control field: ARRUPE
005 - DATE AND TIME OF LATEST TRANSACTION
- control field: 20140827163019.0
008 - FIXED-LENGTH DATA ELEMENTS
- fixed length control field: 140827|| aca||aabn | a|a d
040 ## - CATALOGING SOURCE
- Original cataloging agency: ARRUPE
- Transcribing agency: ARRUPE
100 ## - HEADING--PERSONAL NAME
- Personal name: White, Luise.
670 ## - SOURCE DATA FOUND
- Source citation: Work cat.: (ARRUPE)0: White, Luise., Speaking with vampires, c2000.